[Event "OP-2010-0-01313"]
[Site "LSS email"]
[Date "2010.11.21"]
[Round "?"]
[White "Dob, Gabor"]
[Black "Souply, Yves"]
[Result "1-0"]
[WhiteElo "1760"]
[BlackElo "1628"]
[PlyCount "49"]
[EventDate "2010.11.08"]
[EventType "tourn (corr)"]
[EventRounds "4"]
[EventCountry "GER"]
[SourceTitle "Telechess CBM 143"]
[Source "ChessBase"]
[SourceDate "2011.07.15"]
[SourceVersion "1"]
[SourceVersionDate "2011.07.15"]
[SourceQuality "1"]

1. e4 e6 2. d4 d5 3. Nd2 c5 4. exd5 exd5 5. Ngf3 Nc6 6. Bb5 Bd6 7. dxc5 Bxc5 8. 0-0 Nge7 9. Nb3 Bd6 10. Re1 0-0 11. Bd3 h6 12. h3 Nf5 13. c3 Qf6 14. Bc2 Be6 15. Qd3 Rfe8 16. g4 Nh4 17. Nxh4 Qxh4 18. Qh7+ Kf8 19. Kg2 Be5 20. Be3 b6 21. Rad1 Rac8 22. Nd4 Bxg4 23. hxg4 Qxg4+ 24. Kf1 Qh3+ 25. Ke2 1-0

[Event "LSS RC-2010-0-00053"]
[Site "LSS email"]
[Date "2010.10.26"]
[Round "?"]
[White "Korinek, Jaroslav"]
[Black "Dob, Gabor"]
[Result "0-1"]
[WhiteElo "1705"]
[BlackElo "1758"]
[PlyCount "88"]
[EventDate "2010.08.08"]
[EventType "tourn (corr)"]
[EventRounds "6"]
[EventCountry "GER"]
[SourceTitle "Telechess CBM 143"]
[Source "ChessBase"]
[SourceDate "2011.07.15"]
[SourceVersion "1"]
[SourceVersionDate "2011.07.15"]
[SourceQuality "1"]

1. e4 e6 2. d4 d5 3. e5 c5 4. Nf3 Qb6 5. Nc3 Bd7 6. Be2 Nc6 7. dxc5 Bxc5 8. 0-0 Nd4 9. Nxd4 Bxd4 10. Nb5 Bxe5 11. Be3 Qa5 12. Bd4 Bxd4 13. Qxd4 Bxb5 14. Bxb5+ Kf8 15. a4 Rc8 16. Rfc1 Ne7 17. c3 h5 18. b4 Qb6 19. Qxb6 axb6 20. a5 bxa5 21. Rxa5 Nf5 22. Bd3 Nd6 23. Kf1 Ke7 24. Ke2 Rc6 25. Ke3 Rhc8 26. Kd4 Nc4 27. Ra7 e5+ 28. Kxd5 Rd8+ 29. Ke4 f5+ 30. Kxf5 Rxd3 31. Rxb7+ Kf8 32. Kg5 Nd6 33. Rb8+ Kf7 34. Ra1 Rd2 35. Ra7+ Ke6 36. Rxg7 Rxf2 37. Kxh5 Rxc3 38. Rg6+ Rf6 39. Rxf6+ Kxf6 40. Rb6 Ke6 41. Kg4 Rc2 42. Kg3 e4 43. h4 e3 44. Ra6 Kd5 0-1

[Event "LSS RD-2010-0-00037"]
[Site "LSS email"]
[Date "2010.10.03"]
[Round "?"]
[White "Dob, Gabor"]
[Black "Casser, Aaron"]
[Result "1/2-1/2"]
[WhiteElo "1752"]
[BlackElo "1572"]
[PlyCount "127"]
[EventDate "2010.07.31"]
[EventType "tourn (corr)"]
[EventRounds "6"]
[EventCountry "GER"]
[SourceTitle "Telechess CBM 143"]
[Source "ChessBase"]
[SourceDate "2011.07.15"]
[SourceVersion "1"]
[SourceVersionDate "2011.07.15"]
[SourceQuality "1"]

1. e4 e6 2. d4 d5 3. Nd2 dxe4 4. Nxe4 Bd7 5. Nf3 Bc6 6. Bd3 Nd7 7. 0-0 Ngf6 8. Ng3 Bxf3 9. Qxf3 c6 10. Re1 Be7 11. c3 0-0 12. Bd2 h6 13. a3 Re8 14. c4 c5 15. d5 exd5 16. Nf5 Bf8 17. cxd5 Ne5 18. Qg3 Ng6 19. d6 Qd7 20. Bc3 Nd5 21. Be5 Re6 22. f4 Rae8 23. Bc4 Ngxf4 24. Bxd5 Rxe5 25. Rxe5 Rxe5 26. Nxh6+ Kh7 27. Qxf4 Bxd6 28. Be4+ Rxe4 29. Qxe4+ Kxh6 30. Qe3+ Kg6 31. Qd3+ Kf6 32. Rd1 Ke7 33. Qd5 Qc7 34. Re1+ Kf8 35. Qh5 Kg8 36. Re8+ Bf8 37. Qd5 c4 38. h3 a6 39. Qd4 b5 40. Kh1 g6 41. h4 Qg3 42. Qf6 Qd3 43. Qe7 Qf1+ 44. Kh2 Qf4+ 45. Kh3 Qh6 46. Qc5 Qg7 47. Qd6 c3 48. bxc3 Qxc3+ 49. g3 Qg7 50. Qxa6 Kh7 51. Qxb5 Bxa3 52. Qd5 Qf6 53. Re3 Qf1+ 54. Qg2 Qxg2+ 55. Kxg2 Bc5 56. Re5 Bd4 57. Rd5 Bf6 58. Rd7 Kg7 59. Kf3 Bb2 60. g4 Bc3 61. g5 Kg8 62. Kg4 f6 63. Rb7 Kf8 64. Rb3 1/2-1/2

[Event "LSS RD-2010-0-00037"]
[Site "LSS email"]
[Date "2010.10.02"]
[Round "?"]
[White "Dob, Gabor"]
[Black "Testa, Italo"]
[Result "1-0"]
[WhiteElo "1691"]
[BlackElo "1421"]
[PlyCount "37"]
[EventDate "2010.07.31"]
[EventType "tourn (corr)"]
[EventRounds "6"]
[EventCountry "GER"]
[SourceTitle "Telechess CBM 143"]
[Source "ChessBase"]
[SourceDate "2011.07.15"]
[SourceVersion "1"]
[SourceVersionDate "2011.07.15"]
[SourceQuality "1"]

1. e4 e5 2. Nf3 d6 3. d4 exd4 4. Nxd4 Nf6 5. Nc3 Be7 6. Be2 0-0 7. 0-0 Bd7 8. Bf4 a6 9. a3 Nc6 10. Qd2 Nxd4 11. Qxd4 Bc6 12. Rad1 Qe8 13. Rfe1 Rd8 14. Nd5 Qd7 15. Rd3 Rfe8 16. Rg3 Bxd5 17. Bh6 Be6 18. Bxg7 Ng4 19. Bh8 1-0

[Event "LSS RD-2010-0-00037"]
[Site "LSS email"]
[Date "2010.10.02"]
[Round "?"]
[White "Kepinski, Janusz"]
[Black "Dob, Gabor"]
[Result "0-1"]
[WhiteElo "1500"]
[BlackElo "1749"]
[PlyCount "102"]
[EventDate "2010.07.31"]
[EventType "tourn (corr)"]
[EventRounds "6"]
[EventCountry "GER"]
[SourceTitle "Telechess CBM 143"]
[Source "ChessBase"]
[SourceDate "2011.07.15"]
[SourceVersion "1"]
[SourceVersionDate "2011.07.15"]
[SourceQuality "1"]

1. d4 Nf6 2. c4 e6 3. Nf3 b6 4. e3 Bb7 5. Be2 c5 6. 0-0 Be7 7. b3 0-0 8. Bb2 cxd4 9. exd4 d5 10. Re1 Nc6 11. Nc3 Rc8 12. Rc1 dxc4 13. Bxc4 Na5 14. Qe2 Nxc4 15. bxc4 Bxf3 16. Qxf3 Rxc4 17. d5 Bc5 18. dxe6 fxe6 19. Qe2 Bxf2+ 20. Qxf2 Ng4 21. Qe2 Qd4+ 22. Kh1 Nf2+ 23. Kg1 Nd3+ 24. Kh1 e5 25. Nb5 Nxc1 26. Bxc1 Qc5 27. Ba3 Qxb5 28. Bxf8 Rc1 29. Qf2 Qb2 30. Qf1 Rxe1 31. Qxe1 Kxf8 32. h3 Qd4 33. Qf1+ Ke8 34. Qa6 e4 35. Qxa7 e3 36. Qa8+ Kd7 37. Qf3 Kd6 38. Qf8+ Kc6 39. Qc8+ Kb5 40. Qc2 Ka6 41. Qe2+ Ka5 42. Qf1 Qd2 43. Qf5+ b5 44. Qf4 b4 45. Qc7+ Ka4 46. Qa7+ Kb5 47. Qb7+ Kc4 48. Qf7+ Kd3 49. Qf3 Kc2 50. Qf5+ Kc1 51. Qc5+ Kb1 0-1